01001nam a2200193 a 450000100060000000300090000600800410001504000280005608200190008410000300010324501560013326000330028930000080032250503900033065000250072065000230074565000130076865000260078122635CO-ViMGA141112s2004 ck r 000 u spa d aCO-ViMGAbspacCO-ViMGA04a650.0285 G653c1 aGómez Vieites, Álvaro10aLas claves de la economía digital : buna reflexión sobre los nuevos retos que deben afrontar las organizaciones en la sociedad de la información aMexico : bAlfaguara, c2003 a248 aInternet un nuevo medio de comunicacíon 1 - 19 - - El nacimiento de un nuevo escenario económico 21 - - La crisis bursátil de los valores tecnológicos 29 - - las caracteristicas de la Economía digital 35 - 92 - - problemas planteados por la Economía digital 95 - - La gestión del conocimiento 137 - 145 - - Caso practico : impacto en el sector de automoción 173 - 224 14aCOMERCIO ELECTRONICO14aEconomía DIGITAL14aINTERNET14aNEGOCIOS POR INTERNET